| 000 | 00331nam a2200121Ia 4500 | ||
|---|---|---|---|
| 008 | 220204s9999 xx 000 0 und d | ||
| 082 |
_a330.34(540) _bBRA |
||
| 245 | 0 | _aIndian economic development and policy | |
| 260 |
_aNew Delhi _bVikas _c1979 |
||
| 650 | _aIndian economic development | ||
| 700 | _aBRAHMANANDA, P R | ||
| 942 | _cBK | ||
| 999 |
_c29515 _d29515 |
||